| 000 | 00595nam a2200169 i 4500 | ||
|---|---|---|---|
| 001 | 171706 | ||
| 003 | ES-MaACL | ||
| 005 | 20230906214714.0 | ||
| 008 | 090526s1912 sp |||| | spa d | ||
| 100 | 1 |
_aSoler y Batlle, Enrique. _9107198 |
|
| 245 | 1 | 3 |
_aLa determinación cuantitativa, en la orina, del arsénico procedente del Salvarsán _b: tesis doctoral / _cEnrique Soler y Batlle. |
| 260 |
_aBarcelona : _b[s.n.], _c1912 ( _fImp.Vda. de F. Badia) |
||
| 300 |
_a32 p. ; _c24 cm. |
||
| 650 | 4 |
_aArsfenamina. _9159225 |
|
| 650 | 0 | 4 |
_aOrina- _xAnálisis. _915774 |
| 852 |
_aES-MaACL _jT-1316-F-5 |
||
| 999 |
_c171706 _d171706 |
||